[Event "Leiden op-B 12th"]
[Site "Leiden"]
[Date "2018.07.21"]
[Round "8"]
[White "Van den Berg, Jaap"]
[Black "Nguyen, Lucas"]
[Result "1/2-1/2"]
[WhiteElo "1765"]
[BlackElo "1869"]
[PlyCount "129"]
[EventDate "2018.07.13"]
[EventType "swiss"]
[EventRounds "9"]
[EventCountry "NED"]
[SourceTitle "EXT 2019"]
[Source "ChessBase"]
[SourceDate "2018.10.10"]
[SourceVersion "1"]
[SourceVersionDate "2018.10.10"]
[SourceQuality "1"]

1. e4 c5 2. Nf3 Nc6 3. d4 cxd4 4. Nxd4 g6 5. Nc3 Bg7 6. Be3 Nf6 7. Be2 0-0 8. 0-0 d5 9. exd5 Nxd5 10. Nxd5 Qxd5 11. c3 Nxd4 12. Bxd4 e5 13. Be3 Qa5 14. Bf3 Be6 15. Qc1 Qc7 16. Re1 Rfd8 17. Bh6 Bh8 18. h4 Bd5 19. Qe3 Qc6 20. Bxd5 Rxd5 21. Rad1 a6 22. Rxd5 Qxd5 23. f4 Re8 24. a3 e4 25. g4 f5 26. g5 Rd8 27. Qb6 Bg7 28. Bxg7 Kxg7 29. Qf6+ Kg8 30. h5 Qd6 31. hxg6 hxg6 32. Qxd6 Rxd6 33. Re2 Rd3 34. c4 Kf7 35. c5 Ke6 36. a4 Kd5 37. Rc2 e3 38. Kf1 Rd4 39. Rc3 Rxf4+ 40. Ke2 Rg4 41. Rb3 Kxc5 42. Rxb7 Rxg5 43. Kxe3 Rg4 44. b3 Rb4 45. Rc7+ Kd5 46. Rc3 Re4+ 47. Kf3 g5 48. Rc8 Kd4 49. b4 Re3+ 50. Kf2 Rb3 51. Rc5 Rxb4 52. Rxf5 Rxa4 53. Rxg5 Kd3 54. Rd5+ Kc2 55. Ke2 Re4+ 56. Kf3 Re8 57. Ra5 Ra8 58. Ke4 Kc3 59. Kd5 Kb4 60. Ra1 a5 61. Rb1+ Kc3 62. Kc5 a4 63. Rh1 Rc8+ 64. Kb5 a3 65. Rc1+ 1/2-1/2

[Event "Leiden op-A 10th"]
[Site "Leiden"]
[Date "2016.07.19"]
[Round "5"]
[White "Van der Laan, Hugo"]
[Black "Van den Berg, Jaap"]
[Result "1-0"]
[WhiteElo "1747"]
[BlackElo "1844"]
[PlyCount "111"]
[EventDate "2016.07.15"]
[EventType "swiss"]
[EventRounds "9"]
[EventCountry "NED"]
[SourceTitle "CBM 173 Extra"]
[Source "ChessBase"]
[SourceDate "2016.08.29"]
[SourceVersion "1"]
[SourceVersionDate "2016.08.29"]
[SourceQuality "1"]

1. e4 c5 2. Nf3 d6 3. d4 cxd4 4. Nxd4 Nf6 5. Nc3 a6 6. Bc4 g6 7. Be3 Bg7 8. Qd2 0-0 9. 0-0-0 Nc6 10. f3 Bd7 11. g4 Ne5 12. Bb3 Rc8 13. h4 h5 14. gxh5 Nxh5 15. Rhg1 Nc4 16. Bxc4 Rxc4 17. f4 Kh7 18. f5 Qe8 19. Qe2 Bb5 20. Ncxb5 axb5 21. fxg6+ fxg6 22. Ne6 Rg8 23. Nxg7 Rxg7 24. Bd4 e5 25. Be3 Qc6 26. Rg5 Rxe4 27. Rxh5+ gxh5 28. Qxh5+ Kg8 29. Bh6 Rg2 30. c3 Ree2 31. Bd2 b4 32. Rf1 Qd7 33. Qh6 Rg7 34. Qh5 Reg2 35. Bg5 bxc3 36. Qf3 cxb2+ 37. Kb1 Rg4 38. Qd5+ Rf7 39. Rf6 Kg7 40. Rxd6 Qf5+ 41. Kxb2 Rc7 42. Bf6+ Kh7 43. Qd2 e4 44. Bd4 Qb5+ 45. Ka1 Qf1+ 46. Kb2 Rg2 47. Rh6+ Kg8 48. Rh8+ Kf7 49. Rh7+ Ke6 50. Rh6+ Kd5 51. Bf2+ Qd3 52. Qa5+ b5 53. Rh5+ Kd6 54. Qb6+ Kd7 55. Rh7+ Ke8 56. Qe6+ 1-0

[Event "Maastricht Limburg op-B 9th"]
[Site "Maastricht"]
[Date "2015.05.25"]
[Round "7"]
[White "Van den Berg, Jaap"]
[Black "De Freytas, Paul"]
[Result "0-1"]
[WhiteElo "1858"]
[BlackElo "1964"]
[PlyCount "58"]
[EventDate "2015.05.22"]
[EventType "swiss"]
[EventRounds "7"]
[EventCountry "NED"]
[SourceTitle "EXT 2016"]
[Source "ChessBase"]
[SourceDate "2015.10.08"]
[SourceVersion "1"]
[SourceVersionDate "2015.10.08"]
[SourceQuality "1"]

1. e4 c6 2. d4 d5 3. e5 Bf5 4. Bd3 Bxd3 5. Qxd3 e6 6. Ne2 Qa5+ 7. c3 Qa6 8. Qf3 c5 9. 0-0 Nc6 10. a3 Nge7 11. g4 h5 12. h3 hxg4 13. hxg4 Ng6 14. Nf4 Nh4 15. Qd1 cxd4 16. Re1 Be7 17. a4 Qb6 18. b4 dxc3 19. Nxc3 Bxb4 20. Ncxd5 exd5 21. Nxd5 Qd8 22. Re4 Nf3+ 23. Qxf3 Qxd5 24. Bb2 0-0-0 25. Rc1 Kb8 26. Qg2 Qd2 27. Rb1 Bc5 28. Ree1 Bxf2+ 29. Qxf2 Rh1+ 0-1